<?xml version="1.0" encoding="UTF-8"?><?xml-stylesheet type="text/xsl" href="static/style.xsl"?><OAI-PMH xmlns="http://www.openarchives.org/OAI/2.0/" xmlns:xsi="http://www.w3.org/2001/XMLSchema-instance" xsi:schemaLocation="http://www.openarchives.org/OAI/2.0/ http://www.openarchives.org/OAI/2.0/OAI-PMH.xsd"><responseDate>2026-04-17T02:25:13Z</responseDate><request verb="GetRecord" identifier="oai:www.recercat.cat:10256/20233" metadataPrefix="marc">https://recercat.cat/oai/request</request><GetRecord><record><header><identifier>oai:recercat.cat:10256/20233</identifier><datestamp>2024-05-22T11:28:45Z</datestamp><setSpec>com_2072_452966</setSpec><setSpec>com_2072_2054</setSpec><setSpec>col_2072_452968</setSpec></header><metadata><record xmlns="http://www.loc.gov/MARC21/slim" xmlns:dcterms="http://purl.org/dc/terms/" xmlns:xsi="http://www.w3.org/2001/XMLSchema-instance" xmlns:doc="http://www.lyncode.com/xoai" xsi:schemaLocation="http://www.loc.gov/MARC21/slim http://www.loc.gov/standards/marcxml/schema/MARC21slim.xsd">
   <leader>00925njm 22002777a 4500</leader>
   <datafield ind2=" " ind1=" " tag="042">
      <subfield code="a">dc</subfield>
   </datafield>
   <datafield ind2=" " ind1=" " tag="720">
      <subfield code="a">Pons Marín, Andrea</subfield>
      <subfield code="e">author</subfield>
   </datafield>
   <datafield ind2=" " ind1=" " tag="260">
      <subfield code="c">2021-06-04</subfield>
   </datafield>
   <datafield ind2=" " ind1=" " tag="520">
      <subfield code="a">Aquest treball Fi de Grau vol oferir un seient a la importància que té actualment la neurociència i, concretament, la neuroeducació, en els contextos educatius per entendre de manera més tècnica i específica el desenvolupament maduratiu de l’infant, juntament amb les interaccions que s’hi donen i les vivències que aquest va recollint.&#xd;
Així doncs, aquest projecte vol oferir un braç d’ajuda a tots aquells mestres d’Educació Primària que se senten perduts a l’hora d’ajudar al seu alumnat entorn problemes com el bloqueig emocional, l’apatia pels estudis o l’aprenentatge i adquisició dels continguts. A més, vol també atorgar una importància rellevant a les emocions i la consciència emocional de l’infant, com a motor que l’impulsa a decidir lliurement en el seu itinerari vital. Si més no, el cervell juga un paper clau en aquest projecte, però sense la intersecció amb la vessant emocional i el correcte desenvolupament de les emocions i les vivències del subjecte, la neuroeducació no tindria sentit.&#xd;
Formem-nos per acompanyar el cervell i el cor uneix doncs la perspectiva racional amb l’emocional, per a donar suport als mestres compromesos amb la vertadera tasca d’educar i acompanyar en llibertat</subfield>
   </datafield>
   <datafield ind2=" " ind1=" " tag="520">
      <subfield code="a">This project aims to provide an idea on the current importance of neuroscience and, specifically, neuro-education, in educational contexts in order to understand in a more technical and specific way the maturational development of the child, together with the interactions and the experiences&#xd;
that the child is collecting during the process.&#xd;
So, this project wants to offer a help to all those Primary Education teachers who feel lost when it comes to helping their students solving problems such as emotional blockage, apathy for studies or learning. and content acquisition. In addition, it also wants to point out the importance of the&#xd;
emotions and emotional awareness of the child, as an engine that drives him to decide freely in his life path. Not to mention, the brain plays a key role in this project, but without a collaboration with the emotional side and the proper development of the subject’s emotions and experiences, neuroeducation would make no sense. Let us train ourselves to accompany the brain and the heart, thus uniting the rational perspective with the emotional one, to support the teachers committed to the true task of educating and accompanying in freedom</subfield>
   </datafield>
   <datafield ind1="8" ind2=" " tag="024">
      <subfield code="a">http://hdl.handle.net/10256/20233</subfield>
   </datafield>
   <datafield tag="653" ind2=" " ind1=" ">
      <subfield code="a">Alumnes</subfield>
   </datafield>
   <datafield tag="653" ind2=" " ind1=" ">
      <subfield code="a">Emocions</subfield>
   </datafield>
   <datafield tag="653" ind2=" " ind1=" ">
      <subfield code="a">Escolars</subfield>
   </datafield>
   <datafield tag="653" ind2=" " ind1=" ">
      <subfield code="a">Mestres</subfield>
   </datafield>
   <datafield tag="653" ind2=" " ind1=" ">
      <subfield code="a">Neurociència afectiva</subfield>
   </datafield>
   <datafield tag="653" ind2=" " ind1=" ">
      <subfield code="a">Neurociència cognitiva</subfield>
   </datafield>
   <datafield tag="653" ind2=" " ind1=" ">
      <subfield code="a">Neuropsicologia</subfield>
   </datafield>
   <datafield tag="653" ind2=" " ind1=" ">
      <subfield code="a">Students</subfield>
   </datafield>
   <datafield tag="653" ind2=" " ind1=" ">
      <subfield code="a">Emotion</subfield>
   </datafield>
   <datafield tag="653" ind2=" " ind1=" ">
      <subfield code="a">School children</subfield>
   </datafield>
   <datafield tag="653" ind2=" " ind1=" ">
      <subfield code="a">Elementary school teachers</subfield>
   </datafield>
   <datafield tag="653" ind2=" " ind1=" ">
      <subfield code="a">Affective neuroscience</subfield>
   </datafield>
   <datafield tag="653" ind2=" " ind1=" ">
      <subfield code="a">Cognitive neuroscience</subfield>
   </datafield>
   <datafield tag="653" ind2=" " ind1=" ">
      <subfield code="a">Neuropsychology</subfield>
   </datafield>
   <datafield ind2="0" ind1="0" tag="245">
      <subfield code="a">Projecte educatiu-formatiu dirigit a mestres d'educació primària entorn la neuroeducació i la consciència emocional de l'infant. Presentació del projecte basat en neuroeducació: Formem-nos per acompanyar el cervell i el cor</subfield>
   </datafield>
</record></metadata></record></GetRecord></OAI-PMH>